|
|
|
|
| LEADER |
00000nab a2200000 a 4500 |
| 001 |
vtls008696356 |
| 003 |
SK-MaSNL |
| 005 |
20260304212244.0 |
| 008 |
250505c2006 xo mr|p|||||||000 b|slo |
| 015 |
|
|
|a SNBRB2006/04
|2 snkbucl
|
| 035 |
|
|
|a (uuid)939d4799-d265-4c7a-90de-2b39dc8f1d61
|
| 035 |
|
|
|a urn:nbn:sk:snk-abc057
|
| 035 |
|
|
|a (urnnbn)urn:nbn:sk:snk:ar-000oc5
|
| 038 |
|
|
|a SNKBUCL
|
| 040 |
|
|
|a SNKBUCL
|b slo
|c SNKBUCL
|e AACR2
|
| 041 |
0 |
|
|a slo
|
| 044 |
|
|
|a xo
|c SK
|
| 080 |
|
|
|a 82:929:821.162.4
|2 1997
|
| 080 |
|
|
|a 821.162.4:929
|2 1997
|
| 080 |
|
|
|a 929 Podjavorinská, Ľudmila
|2 1997
|
| 080 |
|
|
|a 940.253
|2 1997
|
| 080 |
|
|
|a 027.54
|x (437.6)
|2 1997
|
| 100 |
1 |
|
|a Weissová, Ivana
|4 aut
|9 1436656
|
| 245 |
1 |
0 |
|a Obrazový archív Ľudmily Podjavorinskej v zbierkach ALU SNK v Martine
|c Ivana Weissová
|
| 300 |
|
|
|b Fotogr.
|
| 504 |
|
|
|a Bibliogr. odkazy
|
| 600 |
1 |
7 |
|a Podjavorinská, Ľudmila,
|d 1872-1951
|2 snkbucl
|9 91301
|
| 610 |
2 |
7 |
|a Slovenská národná knižnica.
|b Archív literatúry a umenia
|2 snkbucl
|9 168375
|
| 650 |
0 |
7 |
|a obrazové archívy
|2 snkbucl
|9 278241
|
| 650 |
0 |
7 |
|a archívne fondy
|2 snkbucl
|9 1974
|
| 773 |
0 |
|
|t Knižnica
|g Roč. 7, č. 2 (2006), s. 42-46
|x 1335-7026
|
| 850 |
|
|
|a Slovenská národná knižnica
|
| 852 |
|
|
|a Slovenská národná knižnica
|
| 856 |
4 |
1 |
|u http://www.snk.sk/images/snk/casopis_kniznica/2006/februar/42.pdf
|
| 954 |
|
|
|a odborná, vedecká literatúra pôvodná (slovenská)
|2 lita
|
| 958 |
|
|
|a article15
|
| 958 |
|
|
|a OND
|
| 958 |
|
|
|a KL
|
| 958 |
|
|
|a NB
|
| 958 |
|
|
|a EUIPO
|
| 999 |
|
|
|c 3130613
|d 3132543
|